Chuyển đến nội dung
Vaš račun
Odjava
Prijava
Jezik
English
Deutsch
Español
Français
Italiano
日本語
Nederlands
Português
Português (Brasil)
中文(简体)
中文(繁體)
Türkçe
עברית
Gaeilge
Cymraeg
Ελληνικά
Català
Euskara
Русский
Čeština
Suomi
Svenska
polski
Dansk
slovenščina
اللغة العربية
বাংলা
Galego
Tiếng Việt
Hrvatski
हिंदी
Vsa polja
Naslov
Avtor
Tema
Signatura
ISBN/ISSN
Oznaka
Išči
Napredno
Išči
Business periodicals collectio...
Knjižničarski pogled
Citiraj
Pošljite email
Natisni
Izvozi zadetek
Izvozi v RefWorks
Izvozi v EndNoteWeb
Izvozi v EndNote
Izvozi v MARC
Izvozi v MARCXML
Izvozi v RDF
Izvozi v BibTeX
Izvozi v RIS
Dodaj v priljubljene
Business periodicals collection
Shranjeno v:
Bibliografske podrobnosti
Format:
Knjiga
Jezik:
Undetermined
Izdano:
Ipswich, MA.
Ebsco
2004
Teme:
Business
Oznake:
Označite
Brez oznak, prvi označite!
Thư viện lưu trữ:
Trung tâm Học liệu Trường Đại học Cần Thơ
Zaloga
Opis
Komentarji
Podobne knjige/članki
Knjižničarski pogled
LEADER
00398nam a2200157Ia 4500
001
CTU_103510
008
210402s9999 xx 000 0 und d
082
|a
338
082
|b
B979/Dis.1
245
0
|a
Business periodicals collection
260
|a
Ipswich, MA.
260
|b
Ebsco
260
|c
2004
650
|a
Business
904
|i
Truc
980
|a
Trung tâm Học liệu Trường Đại học Cần Thơ
Podobne knjige/članki
Business periodicals collection
Izdano: (2004)
Business periodicals collection
Izdano: (2004)
Business periodicals collection
Izdano: (2004)
Business periodicals collection
Izdano: (2004)
Business periodicals collection
Izdano: (2004)
Nalaganje...